000 00413nam a2200169Ia 4500
003 0STCL
008 150530s9999 xx 000 0 und d
040 _aSTCL
_cSTCL
100 _aVenkataraman, G.
245 _aQuantum Revolution II Qed: The Jewell of Physics
250 _aFirst
260 _bUniversities press
_c1994
546 _aEnglish
942 _2ddc
_cBK
999 _c28710
_d28710
005 20220125170135.0